Statistiques concernant Salade de fruits - paroles

Cliquez ici pour prendre le quiz!

Statistiques générales

  • Ce quiz a été pris 76 fois
  • Le résultat moyen est 175 sur 243

Statistiques - réponses

paroles% Correct
ah
100%
d'
100%
de
100%
fruit
100%
J'
100%
joli
100%
Salade
100%
a
99%
à
99%
l'
99%
t'
96%
fruits
94%
mère
93%
ma
91%
qu'
91%
Tu
91%
tu
91%
jolie (x3)
90%
mon
90%
n'
88%
père
88%
plais
87%
ta
86%
Ta
86%
que
84%
on
81%
On
81%
Il
80%
il
80%
le
80%
Le
80%
au
78%
Au
78%
comme
78%
nom
78%
quel
78%
te
78%
donné
77%
prénom
77%
bien
74%
tes
72%
un
71%
Un
71%
marie
70%
faudra
68%
nous
68%
ou
68%
jour
67%
ancêtres
65%
autre
62%
ce
61%
Ce
61%
des
61%
faut
61%
portes
58%
ton
55%
je
54%
Je
54%
en
51%
reconnaître
51%
y
51%
Y
51%
hawaïens
49%
ai
48%
plus
46%
C'est
43%
c'est
43%
Pour
43%
dans
42%
l'eau
42%
qui
39%
veux
39%
bord
36%
son
36%
cocos
35%
mais
35%
noix
35%
tout
35%
ananas
33%
nos
33%
avait
32%
bouche
32%
paillote
30%
amours
29%
bienvenu
29%
déjà
29%
petit
29%
sais
29%
fond
28%
nu
28%
berceau
26%
goûté
26%
meilleur
26%
serait
26%
toi
26%
argent
25%
Bonjour
25%
plongerai
25%
Avec
23%
bouge
23%
cœur
23%
océan
23%
Oui
23%
poissons
23%
ramener
23%
échange
22%
chacun
20%
panier
20%
coquillages
19%
Pendus
19%
lumineux
16%

Distribution des résultats

Percentile par nombre de réponses

% des personnes avec chaque résultat

Votre développement - résultats

Vous n’avez pas pris ce quiz